| 000 | 00581nam a2200193Ia 4500 | ||
|---|---|---|---|
| 005 | 20250522104526.0 | ||
| 008 | 008 250516s9999 xx 000 0 eng d | ||
| 020 | _a9780197636763 | ||
| 040 |
_aSDCL _beng _cSDCL |
||
| 041 |
_aeng _2eng |
||
| 084 |
_aW:57, R4 _qSDCL |
||
| 100 |
_aGlennon, Michael J. _9752467 |
||
| 245 | 0 |
_aFree speech and turbulent freedom : _bThe dangerous allure of censorship in the digital era |
|
| 260 |
_aNew York: _bOxford University Press, _c2024. |
||
| 300 | _axi,278p. | ||
| 365 |
_aUSD _b29.95 |
||
| 650 | _aPolitical Science | ||
| 942 | _cTEXL | ||
| 999 |
_c1430642 _d1430642 |
||